000 00440nam a2200169 a 4500
001 3203
003 CO-ViMGA
008 141112s2004 ck r 000 u spa d
040 _aCO-ViMGA
_bspa
_cCO-ViMGA
082 0 4 _aORAf
100 1 _aOram, Hiawyn
245 1 0 _aFernando Furioso /
_cOram Hiawyn , Kitamura Saloshi
260 _aCaracas :
_bEkare,
_c1997
300 _a1261 p : il
650 1 4 _aCUENTOS INFANTILES
_92743
942 _2ddc
_cBK
999 _c15253
_d15253